Регионална библиотека "Любен Каравелов" - Русе

Концерт для фагота с оркестром (Запис номер 350492)

MARC детайли
000 -Лидер
Контролно поле с фиксирана дължина 01202ncm a2200349 c 4500
003 - Код на организацията, давaща контролен номер
Контролно поле BLK
005 - Дата и час на последна редакция
Контролно поле 20241023005402.0
008 - Елементи от данни с фиксирана дължина
fixed length control field 180414b bul |a|er|||| |0| c|bulo|
010 ## - Наследен системен номер
LC control number NOT00001237000
040 ## - Източник на каталожния запис
Идентификатор на билиотеката - собственик на записа BLK
041 ## - Код за език
Код за езика на текст/звукозапис или на отделно заглавие Немски
Код за езика КДБФ Немски
080 ## - УДК
Текстов определител УДК Концерт за фагот и оркестър
УДК код - определител по УДК 785.6:788.8
УДК - код + определител 785.6:788.8
100 ## - Редна дума - Автор
Автор Вебер, Карл Мария фон
Авторска отговорност първи автор
R(LIN) 276870
139 ## - Редно поле
Редна дума Вебер, Карл Мария фон
Авторски знак Веб - В 34
245 10 - Сведения за заглавието
Заглавие Концерт для фагота с оркестром
Подзаглавни данни Клавир
Редно поле (дума) Карл Мария фон Вебер; Carl Maria von Weber.
Версия Оп. 75
257 ## - Страна на издаване
Страна на създаване/издаване Русия
260 ## - Област на издателските данни
Име на издателя, разпространителя и проч. Музыка
Година на издаване 1982
9 (RLIN) 402764
Място на издаване, разпространение и проч. Москва
300 ## - Физическа характеристика
Страници 31 с.
Размери/Мащаб 29 см
380 ## - Жанр
Жанр Изкуство
650 #0 - Допълнително описание по предмет – тема
Основно описание – тема или топоним Фагот - концерти
9 (RLIN) 403245
653 ## - Ключова дума – ненормативна
Ключова дума концерти
653 ## - Ключова дума – ненормативна
Ключова дума фагот
700 ## - Други автори (авторска отговорност)
Лично име Weber, Carl Maria von
Автороска отговорност (Описва отношението между автора и произведението) *
9 (RLIN) 353181
852 ## - Местоположение
Форматна сигнатура ЦБ М ІІ 9040
Част 0
856 4# - Електронен адрес и достъп
Електронен формат pdf - файл
Път до файла /url/
856 4# - Електронен адрес и достъп
Електронен формат pdf - файл
Път до файла /url/
999 ## - СИСТЕМНИ КОНТРОЛНИ НОМЕРА
Koha biblionumber 350492
Koha biblioitemnumber 350492
942 ## - АРТИКУЛИ
Вид на библиотечния материал Нотни издания
Скрит в OPAC Не
Периодичен библиозапис Да
944 ## - СЪЗДАВАНЕ И РЕДАКЦИЯ на ЗАПИСА
Създаване/Редакция Създаване
Дата на регистрацията/редакция 15.06.2005
Служител, извършил регистрацията/редакцията
Статус, дата на статуса CRON CRON
944 ## - СЪЗДАВАНЕ И РЕДАКЦИЯ на ЗАПИСА
Създаване/Редакция Редакция
Дата на регистрацията/редакция 29.09.2017
Служител, извършил регистрацията/редакцията Ирена_Линкова
999 ## - СИСТЕМНИ КОНТРОЛНИ НОМЕРА
Koha biblioitemnumber 350492
999 ## - СИСТЕМНИ КОНТРОЛНИ НОМЕРА
Koha biblioitemnumber 301491
Наличности
Код за отписване Код за изгубен артикул Източник на класификационната схема Код за повреда Коз за рестрикции Код за отдаване Артикулен № Име на библиотеката - собственик Име на библиотеката, в която се намира в момента Статус (Текущо местоположение) Дата на вписване в системата Местоположение - отдел Цена в лева Инвентарен номер Систематично азбучна сигнатура Баркод Цена в евро Служебен тип на артикула
  Не е изгубен Universal Decimal Classification Не е повреден без рестрикции заемане за дома 757813 Регионална библиотека "Любен Каравелов" Русе Регионална библиотека "Любен Каравелов" Русе Отдел Изкуство - подръчен фонд 2020-04-02 Отдел Изкуство - подръчен фонд 0.76 372812 788/В 34 К 120000372812 0.39 Нотни издания
  Не е изгубен Universal Decimal Classification Не е повреден само за читалня ползва се в читалня 777032 Регионална библиотека "Любен Каравелов" Русе Регионална библиотека "Любен Каравелов" Русе Хранилище 2020-06-17 Основен фонд - ползва се само за читалня 0.76 372813 Цб М II 9040 900000022739 0.39 Нотни издания
Vip Innovations Ltd, Rousse, Bulgaria 2025